Singular perturbations and differential inequalities

Αποθηκεύτηκε σε:
Λεπτομέρειες βιβλιογραφικής εγγραφής
Κύριος συγγραφέας: Howes, Frederick A. 1948-
Μορφή: Βιβλίο
Γλώσσα:English
Δημοσίευση: Providence : American Mathematical Society, 1976
Σειρά:Memoirs of the American Mathematical Society ; ; 168
Θέματα:
Ετικέτες: Προσθήκη ετικέτας
Δεν υπάρχουν, Καταχωρήστε ετικέτα πρώτοι!

MARC

LEADER 00000cam a2200000 i 4500
001 1/48230
008 941103s1976 eng d
020 |a 0821818686 
035 |l 10043281 
035 |a 1993 
040 |a GR-MY-UA  |b gre  |e aacr 
041 0 |a eng 
082 0 |a 515.35 
100 1 |a Howes, Frederick A.  |d 1948- 
245 1 0 |a Singular perturbations and differential inequalities /  |c Frederick A. Howes 
260 |a Providence :   |b American Mathematical Society,   |c 1976 
300 |a iv, 75 p.;  |c 26 cm 
490 1 |a Memoirs of the American Mathematical Society ; no. 168 
500 |a "Volume 5, issue 1." 
500 |a "CODEN: MAMCAU." 
500 |a Part of the author's thesis, University of Southern California 
504 |a Bibliography: p. 74-75 
650 0 0 |a Boundary value problems  |x Numerical solutions. 
650 0 0 |a Singular perturbations (Mathematics) 
650 0 0 |a Inequalities (Mathematics) 
830 0 |a Memoirs of the American Mathematical Society ;  |v ; 168 
852 |a INST  |b SAMOS  |e 19941103  |h 515.35 HOW  |p 005300002365  |q 005300002365  |t BK  |y 0 
909 |a Σ  |b 033356